<?xml version="1.0" encoding="UTF-8"?><?xml-stylesheet type="text/xsl" href="static/style.xsl"?><OAI-PMH xmlns="http://www.openarchives.org/OAI/2.0/" xmlns:xsi="http://www.w3.org/2001/XMLSchema-instance" xsi:schemaLocation="http://www.openarchives.org/OAI/2.0/ http://www.openarchives.org/OAI/2.0/OAI-PMH.xsd"><responseDate>2026-04-18T22:12:24Z</responseDate><request verb="GetRecord" identifier="oai:riubu.ubu.es:10259/11224" metadataPrefix="marc">https://riubu.ubu.es/oai/request</request><GetRecord><record><header><identifier>oai:riubu.ubu.es:10259/11224</identifier><datestamp>2026-01-16T01:05:40Z</datestamp><setSpec>com_10259_6781</setSpec><setSpec>com_10259_5086</setSpec><setSpec>com_10259_2604</setSpec><setSpec>col_10259_10925</setSpec></header><metadata><record xmlns="http://www.loc.gov/MARC21/slim" xmlns:doc="http://www.lyncode.com/xoai" xmlns:xsi="http://www.w3.org/2001/XMLSchema-instance" xmlns:dcterms="http://purl.org/dc/terms/" xsi:schemaLocation="http://www.loc.gov/MARC21/slim http://www.loc.gov/standards/marcxml/schema/MARC21slim.xsd">
<leader>00925njm 22002777a 4500</leader>
<datafield tag="042" ind1=" " ind2=" ">
<subfield code="a">dc</subfield>
</datafield>
<datafield tag="720" ind1=" " ind2=" ">
<subfield code="a">Prieto Álvarez, Tomás</subfield>
<subfield code="e">author</subfield>
</datafield>
<datafield tag="260" ind1=" " ind2=" ">
<subfield code="c">2021</subfield>
</datafield>
<datafield tag="520" ind1=" " ind2=" ">
<subfield code="a">En todos los idiomas existen palabras con varios significados, afines o no. Como ejemplos de significados del todo distintos basta contemplar los diferentes sentidos del término español “como”, en su función verbal y en la adverbial; algo parecido a lo que ocurre con el “like” inglés. Pues bien, tanto en las principales lenguas latinas como en el inglés la palabra “bien” tiene una doble acepción, aunque dentro de la afinidad derivada de la única raíz (lo que no ocurría con los distintos “como”)</subfield>
</datafield>
<datafield tag="024" ind2=" " ind1="8">
<subfield code="a">978-84-1355-006-0</subfield>
</datafield>
<datafield tag="024" ind2=" " ind1="8">
<subfield code="a">https://hdl.handle.net/10259/11224</subfield>
</datafield>
<datafield tag="245" ind1="0" ind2="0">
<subfield code="a">Bien común y bienes comunes: conceptos distintos con un mismo sustrato</subfield>
</datafield>
</record></metadata></record></GetRecord></OAI-PMH>